000
00366nam a22001577a 4500
003
MPLRDC
005
20220104123441.0
008
210129b ||||| |||| 00| 0 eng d
082
_a
528.953 LXH
100
_a
李显辉编
245
_a
现代女子网球
_c
260
_a
_b
宝威图书公司
_c
300
_b
平
650
_a
网球
942
_c
BK
_o
528.953 LXH
999
_c
11524
_d
11514